000 00369nam a22001457a 4500
008 230406b |||||||| |||| 00| 0 eng d
020 _a978-1-3985-1817-9
082 _a813.54
100 _aColleen Hoover
245 _aIt starts with us
260 _bSimon & Schuster,
_c2022
300 _a323 p.
_c23.5 cm
942 _2ddc
999 _c9514
_d9515